Desde la perspectiva del trabajo docente.
Đã lưu trong:
| Tác giả chính: | |
|---|---|
| Định dạng: | Sách |
| Ngôn ngữ: | Tiếng Tây Ban Nha |
| Loạt: | (Documentos DIE ;
no. 11) |
| Những chủ đề: | |
| Các nhãn: |
Không có thẻ, Là người đầu tiên thẻ bản ghi này!
|
MARC
| LEADER | 00000cam^a2200000uu^4500 | ||
|---|---|---|---|
| 001 | 000460223 | ||
| 005 | 20250521000000.0 | ||
| 008 | 050901s1987^^^^^^^^^^^^rd^r^^000^0^spa^d | ||
| 009 | 20260310124152.542 | ||
| 035 | |a FCE 000002691 | ||
| 035 | |a FCE 009894 | ||
| 037 | |a Acervo ITESO - Biblioteca | ||
| 041 | |a spa | ||
| 082 | 0 | 4 | |a 370.71 |b DOC-DIE 11 |
| 100 | |a Rockwell, Elsie |e (autor) | ||
| 245 | 1 | 0 | |a Desde la perspectiva del trabajo docente. |
| 264 | |a México : |b DIE, |c 1987. | ||
| 300 | |a 30 p. | ||
| 336 | |a texto |b txt |2 rdacontenido | ||
| 337 | |a sin mediación |b n |2 rdamedio | ||
| 338 | |a volumen |b nc |2 rdasoporte | ||
| 440 | 0 | |a (Documentos DIE ; |v no. 11) | |
| 649 | |a XX | ||
| 650 | |a Docentes | ||
| 650 | |a Condiciones de trabajo | ||
| 650 | |a Trabajo | ||
| 910 | |a Fondo Centro de Estudios Educativos | ||
| 920 | |a Impresos - Libros | ||
| 930 | |a Fondos Especiales | ||
| 905 | |a 133 | ||
| 901 | |a ALE009894 |b IT2 |c CEE |u 20250521 | ||
| 901 | |a ALE042026 |b IT2 |c CEE |u 20250521 | ||
| 901 | |a ALE042027 |b IT2 |c CEE |u 20250521 | ||
| 902 | |a https://opac.biblio.iteso.mx/vufind/Record/000460223 | ||